000 00592nam a2200217Ia 4500
008 101110s9999 xx 000 0 und d
041 _aENGLISH
082 _bJR5022
100 _aChopde L.N. and Choudhari D.H.
245 _aBook-keeping and accountancy Std. XI Com
260 _c2006
_bNeel Kanth Publishing House, Mumbai
300 _a456
365 _b74
520 _aCommerce
546 _aENGLISH
630 _aBook-keeping and accountancy Std. XI Com
650 _aCommerce
655 _aCommerce
730 _aBook-keeping and accountancy Std. XI Com
942 _cBOOK
999 _c795829
_d795826